Water and wastewater technology / (Record no. 527182)

000 -LEADER
fixed length control field 01161cam a2200241 a 4500
020 ## - INTERNATIONAL STANDARD BOOK NUMBER
International Standard Book Number 9780135114049 (hbk. : alk. paper)
020 ## - INTERNATIONAL STANDARD BOOK NUMBER
International Standard Book Number 0135114047 (hbk. : alk. paper)
082 00 - DEWEY DECIMAL CLASSIFICATION NUMBER
Classification number 628.1
Author Mark HAM
100 1# - MAIN ENTRY--PERSONAL NAME
Personal name Hammer, Mark J.,
Dates associated with a name 1931-
245 10 - TITLE STATEMENT
Title Water and wastewater technology /
Statement of responsibility, etc. Mark J. Hammer, Mark J. Hammer, Jr.
250 ## - EDITION STATEMENT
Edition statement 7th ed.
260 ## - PUBLICATION, DISTRIBUTION, ETC.
Place of publication, distribution, etc. Upper Saddle River, N.J. :
Name of publisher, distributor, etc. Pearson/Prentice Hall,
Date of publication, distribution, etc. 2012.
300 ## - PHYSICAL DESCRIPTION
Extent xi, 460 p. :
Other physical details ill. ;
Dimensions 29 cm.
942 ## - ADDED ENTRY ELEMENTS (KOHA)
Source of classification or shelving scheme
Koha item type Book
504 ## - BIBLIOGRAPHY, ETC. NOTE
Bibliography, etc. note Includes bibliographical references and index.
650 #0 - SUBJECT ADDED ENTRY--TOPICAL TERM
Topical term or geographic name entry element Water-supply engineering.
650 #0 - SUBJECT ADDED ENTRY--TOPICAL TERM
Topical term or geographic name entry element Sewage disposal.
700 1# - ADDED ENTRY--PERSONAL NAME
Personal name Hammer, Mark J.,
Dates associated with a name 1957-
650 #0 - SUBJECT ADDED ENTRY--TOPICAL TERM
-- 391
650 #0 - SUBJECT ADDED ENTRY--TOPICAL TERM
-- 392
700 1# - ADDED ENTRY--PERSONAL NAME
-- 18316
Holdings
Withdrawn status Lost status Source of classification or shelving scheme Damaged status Not for loan Permanent Location Current Location Shelving location Date acquired Source of acquisition Cost, normal purchase price Total Checkouts Full call number Barcode Date last seen Price effective from Koha item type
          NUST Baluchistan Campus (NBC) NUST Baluchistan Campus (NBC) Book Cart 07/23/2019 Purchased 0.00   628.1 HAM Q-267 07/23/2019 07/23/2019 Book
          NUST Baluchistan Campus (NBC) NUST Baluchistan Campus (NBC) Book Cart 07/23/2019 Purchased 0.00   628.1 HAM Q-268 07/23/2019 07/23/2019 Book
© 2023 Central Library, National University of Sciences and Technology. All Rights Reserved.